[Event "Mid Bohemia Region-chT 2223"]
[Site "Czech Republic"]
[Date "2022.12.11"]
[Round "5.4"]
[White "Svejk, Martin"]
[Black "Prochazka, Jaroslav"]
[Result "1-0"]
[WhiteElo "1945"]
[BlackElo "1789"]
[PlyCount "37"]
[EventDate "2022.10.09"]
[EventType "team-tourn"]
[EventRounds "11"]
[EventCountry "CZE"]
[SourceTitle "EXT 2024"]
[Source "ChessBase"]
[SourceDate "2023.10.10"]
[SourceVersion "1"]
[SourceVersionDate "2023.10.10"]
[SourceQuality "1"]
[WhiteTeam "Bakov nad Jizerou II"]
[BlackTeam "Brodce"]
[WhiteTeamCountry "CZE"]
[BlackTeamCountry "CZE"]

1. d4 d6 2. Nf3 Bg4 3. c4 Nf6 4. Nc3 c6 5. e4 Nbd7 6. Be2 Qa5 7. 0-0 e5 8. Be3 Be7 9. a3 0-0 10. b4 Qc7 11. Rc1 Rfd8 12. d5 a6 13. dxc6 bxc6 14. Nd2 Be6 15. Nb3 Nb6 16. Nd5 cxd5 17. cxd5 Qb7 18. Na5 Qa7 19. Nc6 1-0

[Event "CZE-chT2C 2223"]
[Site "Czech Republic"]
[Date "2022.11.06"]
[Round "2.7"]
[White "Soucek, Milan"]
[Black "Svejk, Martin"]
[Result "0-1"]
[WhiteElo "1958"]
[BlackElo "1995"]
[PlyCount "62"]
[EventDate "2022.10.16"]
[EventType "team-tourn"]
[EventRounds "11"]
[EventCountry "CZE"]
[SourceTitle "EXT 2024"]
[Source "ChessBase"]
[SourceDate "2023.10.10"]
[SourceVersion "1"]
[SourceVersionDate "2023.10.10"]
[SourceQuality "1"]
[WhiteTeam "Kolin"]
[BlackTeam "Mlada Boleslav"]
[WhiteTeamCountry "CZE"]
[BlackTeamCountry "CZE"]

1. e4 g6 2. d4 Bg7 3. Nc3 d6 4. Be3 a6 5. Qd2 Nd7 6. 0-0-0 b5 7. f3 Bb7 8. h4 h5 9. Nh3 Ngf6 10. a3 Qc8 11. d5 c5 12. Kb1 Ne5 13. Nf2 Qc7 14. Be2 Bc8 15. g4 hxg4 16. f4 Nc4 17. Bxc4 bxc4 18. e5 Nh5 19. exd6 exd6 20. Rdg1 f5 21. Qe2 0-0 22. Qxc4 Rb8 23. Rd1 Qa5 24. Ka2 Bd7 25. Bd2 Rb4 26. Qe2 Re8 27. Qd3 Rd4 28. Qf1 Ng3 29. Qg2 Nxh1 30. Nxh1 Qb6 31. Ne2 Rxd2 0-1

[Event "CZE-chT2C 1819"]
[Site "Czech Republic"]
[Date "2019.02.24"]
[Round "9.8"]
[White "Svejk, Martin"]
[Black "Dolezal, Vit"]
[Result "0-1"]
[WhiteElo "1646"]
[BlackElo "2023"]
[PlyCount "108"]
[EventDate "2018.10.14"]
[EventType "team-tourn"]
[EventRounds "11"]
[EventCountry "CZE"]
[SourceTitle "EXT 2022"]
[Source "ChessBase"]
[SourceDate "2021.10.06"]
[SourceVersion "1"]
[SourceVersionDate "2021.10.06"]
[SourceQuality "1"]
[WhiteTeam "Mlada Boleslav"]
[BlackTeam "Neratovice II"]
[WhiteTeamCountry "CZE"]
[BlackTeamCountry "CZE"]

1. d4 Nf6 2. c4 g6 3. Nc3 Bg7 4. e4 0-0 5. f4 c5 6. e5 Ne8 7. Nf3 cxd4 8. Nxd4 d6 9. Nf3 Nc6 10. Be2 Bg4 11. exd6 Nxd6 12. 0-0 Bxf3 13. Rxf3 Nd4 14. Rh3 Rc8 15. b3 Ne4 16. Bb2 Nxe2+ 17. Qxe2 Qb6+ 18. Kf1 Nxc3 19. Bxc3 Bxc3 20. Rxc3 Qd4 21. Qe3 Qf6 22. Qe5 Qxe5 23. fxe5 Rc5 24. Re3 Rd8 25. Ke2 Kf8 26. Rd1 Rxd1 27. Kxd1 Ke8 28. Kd2 Kd7 29. Kd3 Ke6 30. Kd4 Rc7 31. Ke4 Rd7 32. Re2 h5 33. g3 Rd1 34. Kf4 Rd4+ 35. Kg5 Rg4+ 36. Kh6 h4 37. gxh4 Rxh4+ 38. Kg5 Rh5+ 39. Kf4 Rf5+ 40. Kg4 Rxe5 41. Rd2 f6 42. Kf4 g5+ 43. Kf3 f5 44. Rd8 b5 45. cxb5 Rxb5 46. Rd4 Ra5 47. a4 Rc5 48. b4 Rc3+ 49. Kg2 a6 50. Rd8 Rb3 51. Rb8 Ke5 52. a5 Kf4 53. b5 axb5 54. a6 Ra3 0-1